logo

Bir Sreshtho Munshi Abdur Rouf Library
Jhenaidah Cadet College

The Mughul Empire : (Record no. 4964)

MARC details
000 -LEADER
fixed length control field 00683nam a2200253 a 4500
001 - CONTROL NUMBER
JCCL Control Number 4964
003 - CONTROL NUMBER IDENTIFIER
JCCL marc code BD-JhCC
005 - DATE AND TIME OF LATEST TRANSACTION
control field 20180211193328.0
008 - FIXED-LENGTH DATA ELEMENTS--GENERAL INFORMATION
fixed length control field 171205s1974 ii a|||| || | 001 0 eng d
035 ## - SYSTEM CONTROL NUMBER
system control number (BD-JhCC)4964
040 ## - CATALOGING SOURCE
Original cataloging agency BD-JhCC
Modifying agency BD-JhCC
041 ## - LANGUAGE CODE
Language code of Book eng
082 ## - DEWEY DECIMAL CLASSIFICATION NUMBER
Classification number 954.025
Author mark and Year MAJ 1974
100 ## - MAIN ENTRY--PERSONAL NAME
Personal name Majumdar, R. C.
245 ## - TITLE STATEMENT
Title The Mughul Empire :
Remainder of title the history and culture of the Indian people /
Statement of responsibility, etc R. C. Majumdar,
260 ## - PUBLICATION, DISTRIBUTION, ETC. (IMPRINT)
Place of publication, distribution, etc Bombay :
Name of publisher, distributor, etc Bharatiya Vidya Bhavan,
Date of publication, distribution, etc 1974
300 ## - PHYSICAL DESCRIPTION
Pagination 1004 p. :
Dimensions 25 cm.
504 ## - BIBLIOGRAPHY, ETC. NOTE
Bibliography, etc Bibliography
650 ## - SUBJECT ADDED ENTRY--TOPICAL TERM
Topical term or geographic name as entry element Mughul Empire
700 ## - ADDED ENTRY--PERSONAL NAME
Personal name Chaudhuri, J. N.
700 ## - ADDED ENTRY--PERSONAL NAME
Personal name Chaudhuri, S.
942 ## - ADDED ENTRY ELEMENTS (KOHA)
Source of classification or shelving scheme Dewey Decimal Classification
Koha item type Books
Holdings
Source of classification or shelving scheme Damaged status Not for loan Home library Current library Shelving location Date of accession Total Checkouts Full call number Barcode Checked out Date last seen Date checked out Copy number Koha item type
Dewey Decimal Classification     JCC Rouf Library JCC Rouf Library General Stacks 12/05/2017 1 954.025 MAJ 1974 6443 02/20/2025 01/27/2025 01/27/2025 C- 1 Books

JCC Library | Contacts | JCC Home

Last Update on 23 September 2017
Copyright @ 2017-2020 JCC Rouf Library
Rouf Library, Jhenidah Cadet College (JCC), Bangladesh